|
|
|
|
| LEADER |
00000nam0a2200000 4500 |
| 001 |
304430 |
| 005 |
20231102001711.0 |
| 035 |
|
|
|a (RuTPU)RU\TPU\book\329677
|
| 090 |
|
|
|a 304430
|
| 100 |
|
|
|a 20150914d1914 k y0rusy50 ca
|
| 101 |
0 |
|
|a rus
|
| 102 |
|
|
|a RU
|
| 105 |
|
|
|a af z 000zy
|
| 200 |
1 |
|
|a Последовательность кристаллизации полевых шпатов в гранитовых породах
|f Д. С. Белянкин
|
| 210 |
|
|
|a Петроград
|c Типография Шредера
|d 1914
|
| 215 |
|
|
|a С. 259-277
|c ил.
|
| 300 |
|
|
|a Отдельный оттиск.
|
| 317 |
|
|
|5 63413507: 179616
|a Поступила в НТБ в 1940 году в составе книжного собрания академика М. А. Усова.
|
| 610 |
1 |
|
|a минералогия
|
| 610 |
1 |
|
|a полевые шпаты
|
| 610 |
1 |
|
|a кристаллизационные процессы
|
| 610 |
1 |
|
|a библиотека М. А. Усова
|
| 675 |
|
|
|a 549.65
|v 4
|
| 700 |
|
1 |
|a Белянкин
|b Д. С.
|c академик АН СССР
|c геолог
|c минералог
|c петрограф
|c физикохимик
|f 1876-1953
|g Дмитрий Степанович
|2 stltpush
|3 (RuTPU)RU\TPU\pers\22056
|9 9337
|
| 801 |
|
1 |
|a RU
|b 63413507
|c 20150914
|
| 801 |
|
2 |
|a RU
|b 63413507
|c 20150914
|g RCR
|
| 942 |
|
|
|c BK
|